000 00637nam a2200229Ia 4500
003 OSt
005 20220926030749.0
006 a|||||r|||| 00| 0
007 ta
008 220923b |||||||| |||| 00| 0 eng d
037 _cGeneral Book
040 _aRTL
_cRTL
_beng
041 _2eng
_aeng
082 _aX9(D5).2.N79r, L9
110 _aKIRLOSKAR BROTHERS LIMITED
_9295664
245 0 _aAnnual report,1979.
260 _aPune
_bKirloskar Brothers Ltd
_c1979
300 _a35p.
_ccm.
700 _aKIRLOSKAR BROTHERS LIMITED
_9295665
942 _hX9(D5).2.N79r, L9
_cGB
_2CC
999 _c650629
_d650629